Suicide and the Body Politic in Imperial Russia : (Record no. 617325)

MARC details
000 -LEADER
fixed length control field 00509nam a2200193 a 4500
008 - FIXED-LENGTH DATA ELEMENTS--GENERAL INFORMATION
fixed length control field 260310s2006##################000#0#eng##
020 ## - INTERNATIONAL STANDARD BOOK NUMBER
ISBN 9780521865456
082 04 - DEWEY DECIMAL CLASSIFICATION NUMBER
Classification number 362.280947090
Item number MOR
100 1# - MAIN ENTRY--AUTHOR NAME
Personal name Morrissey, Susan K.,
245 10 - TITLE STATEMENT
Title Suicide and the Body Politic in Imperial Russia :
260 ## - PUBLICATION, DISTRIBUTION, ETC. (IMPRINT)
Year of publication 2006.
300 ## - PHYSICAL DESCRIPTION
Number of Pages 408 pages
650 #0 - SUBJECT ADDED ENTRY--TOPICAL TERM
Topical Term History.
942 ## - ADDED ENTRY ELEMENTS (KOHA)
Koha item type English Books
Holdings
Withdrawn status Lost status Damaged status Not for loan Home library Current library Shelving location Date acquired Full call number Accession Number Price effective from Koha item type
        Anna Centenary Library Anna Centenary Library 4TH FLOOR, A WING 10.03.2026 362.280947090 MOR 240680 10.03.2026 English Books

Find us on the map